Statistics for Top 10 Kansas City Royals of All-Time

Click here to take the quiz!

General Stats

  • This quiz has been taken 956 times
  • The average score is 4 of 10

Answer Stats

WARYearsPositionAnswer% Correct
84.61973-19933BGeorge Brett
97%
32.42007-20203B/OFAlex Gordon
71%
36.91984-1991PBret Saberhagen
60%
31.11973-19902BFrank White
47%
35.21976-1990OFWillie Wilson
36%
42.01970-1983OFAmos Otis
29%
41.91989-1999, 2003-2004PKevin Appier
21%
31.41970-1984PPaul Splittorff
16%
38.81984-1996PMark Gubicza
15%
32.91974-1986PDennis Leonard
15%

Score Distribution

Percentile by Number Answered

Percent of People with Each Score

Your Score History

You have not taken this quiz